Kostelec na Hané : sídliště lengyelské kultury /

Hlavní autor: Kalábková, Pavlína, 1973-
Další autoři: Cheben, Michal, 1980-, Moník, Martin, 1980-
Jazyk: Čeština
Vydáno: Olomouc : Archeologické centrum Olomouc, 2007
Edice: Archaeologiae Regionalis Fontes
Témata:
Externí odkaz: Digitalizovaný dokument
Fyzický popis: 272 s. : il. (některé barev.), mapy, portréty ; 30 cm
Language note: Anglické resumé
Knihy
Uloženo v:
LEADER 02526nam a2200649 a 4500
001 nkc20071783498
003 CZ PrNK
005 20080926152203.0
007 ta
008 071214s2007 xr abc f 000 0 cze
015 |a cnb001783498 
020 |a 978-80-86989-09-9  |q (brož.) 
035 |a (OCoLC)244806555 
040 |a ABA001  |b cze 
041 0 |a cze  |b eng 
043 |a e-xr---  |b e-xr-ol  |2 czenas 
072 7 |a 902  |x Archeologie  |2 Konspekt  |9 8 
080 |a 902.2  |2 MRF 
080 |a 903.2  |2 MRF 
080 |a 903.4  |2 MRF 
080 |a 903"634"  |2 MRF 
080 |a 903"636"  |2 MRF 
080 |a 903'13  |2 MRF 
080 |a (437.325)  |2 MRF 
080 |a (048.8)  |2 MRF 
100 1 |a Kalábková, Pavlína,  |d 1973-  |7 mzk2003183837  |4 aut 
245 1 0 |a Kostelec na Hané :  |b sídliště lengyelské kultury /  |c Pavlína Kalábková, Michal Cheben, Martin Moník 
246 3 |a Kostelec na Hané - sídliště lengyelské kultury 
260 |a Olomouc :  |b Archeologické centrum Olomouc,  |c 2007 
300 |a 272 s. :  |b il. (některé barev.), mapy, portréty ;  |c 30 cm 
490 1 |a Archaeologiae Regionalis Fontes ;  |v 9 
500 |a 350 výt. 
504 |a Obsahuje bibliografii 
546 |a Anglické resumé 
650 0 7 |a archeologické výzkumy  |7 ph118577  |z Česko  |2 czenas 
650 0 7 |a archeologické nálezy  |7 ph137683  |z Česko  |2 czenas 
650 0 7 |a sídliště (archeologie)  |7 ph137685  |z Česko  |y neolit  |2 czenas 
650 0 7 |a sídliště (archeologie)  |7 ph137685  |z Česko  |y eneolit  |2 czenas 
650 0 7 |a lengyelská kultura  |7 ph455177  |z Česko  |2 czenas 
650 0 9 |a excavations (archaeology)  |z Czechia  |2 eczenas 
650 0 9 |a antiquities  |z Czechia  |2 eczenas 
650 0 9 |a settlements  |z Czechia  |y neolithic period  |2 eczenas 
650 0 9 |a settlements  |z Czechia  |y eneolithic period  |2 eczenas 
650 0 9 |a Lengyel culture  |z Czechia  |2 eczenas 
651 7 |a Kostelec na Hané (Česko)  |7 ge134283  |2 czenas 
651 9 |a Kostelec na Hané (Czechia)  |2 eczenas 
655 7 |a studie  |7 fd133597  |2 czenas 
655 9 |a studies  |2 eczenas 
700 1 |a Cheben, Michal,  |d 1980-  |7 mzk2008463678  |4 aut 
700 1 |a Moník, Martin,  |d 1980-  |7 mzk2008463679  |4 aut 
830 0 |a Archaeologiae Regionalis Fontes  |0 s 
856 4 1 |u http://www.digitalniknihovna.cz/mzk/uuid/uuid:96524600-9992-11e9-8fdf-005056827e52  |y Digitalizovaný dokument  |x NDK 
910 2 |a BOA001  |b 4-1208.435 
990 |a BK 
995 |a 01 
991 |b 200807  |c NOV 
996 6 |b 2610349013  |c 4-1208.435  |l MZK  |r Sklad / do 1 hodiny  |n 6  |p p.v.  |w 001069017  |u 000010  |a 1  |e BOA001  |j MZK50  |s P